| 000 | 00911cam a2200241 4500 | ||
|---|---|---|---|
| 001 | ABS61439 | ||
| 008 | 000000n1999 000 0 eng u | ||
| 035 | _a(Sirsi) u100839 | ||
| 100 | _aMurdoch, J. | ||
| 245 | _aCommission confusion cleared in High Court decision | ||
| 260 | _c1999 | ||
| 490 |
_aEstate Agent _vSeptember 1999, 23(1) |
||
| 520 | _aA Court of Appeal decision clarifies an estate agents' 'withdrawal fee' clause. Discusses the case "Savills Land & Property Ltd v Kibble". The author believes the success of the claimant may encourage other agents to re-examine their own standard terms. | ||
| 590 | _aABS | ||
| 650 | _aWITHDRAWAL FEE | ||
| 650 | _aESTATE AGENTS | ||
| 650 | _aCOMMISSION | ||
| 650 | _aSAVILLS LAND & PROPERTY LTD V KIBBLE | ||
| 650 | _aMARKETING | ||
| 650 | _aPROFESSIONAL CHARGES | ||
| 690 | _aMANAGEMENT-BUSINESS MANAGEMENT-PROFESSIONAL PRACTICE | ||
| 942 | _n0 | ||
| 999 |
_c60240 _d60240 |
||